[Event "WYCC 2018 O16"]
[Site "Halkidiki"]
[Date "2018.10.21"]
[Round "2"]
[White "Mitsis, Georgios"]
[Black "French, Max"]
[Result "1-0"]
[WhiteElo "2350"]
[BlackElo "2074"]
[Annotator "TA"]
[PlyCount "99"]
[EventDate "2018.10.20"]
[EventType "swiss"]
[EventCountry "GRE"]
[SourceTitle "playchess.com"]
[Source "ChessBase"]
[SourceQuality "1"]

{[%evp 15,99,13,24,24,22,25,46,44,58,18,79,26,25,8,10,18,60,47,164,129,175,124,209,216,196,83,160,126,119,119,210,202,182,132,125,142,147,143,198,200,180,126,176,184,185,189,172,151,151,151,151,151,153,149,153,145,154,150,150,150,253,214,204,200,209,209,544,537,548,536,526,526,537,504,637,636,594,525,1276,1271,1353,1059,12836,12837,12847,12847]} 1. d4 Nf6 2. Nf3 e6 3. c4 b6 4. a3 Bb7 5. Nc3 d5 6. Qc2 Be7 7. cxd5 exd5 8. Bf4 c6 9. e3 {E12: Queen's Indian: Unusual White 4th moves, 4 a3, 4 Nc3 Bb7 5 a3 and 4 Nc3 Bb7} O-O 10. Bd3 h6 (10... c5 11. O-O c4 12. Bf5 g6 13. Bh3 a6 14. Ne5 b5 15. Bh6 Re8 16. f4 Nfd7 {1-0 (31) Sanikidze,T (2522)-Bagaturov,G (2492) Tbilisi 2009}) 11. O-O {White is slightly better.} Bd6 $146 ({Predecessor:} 11... Nbd7 12. h3 a6 13. Ne2 Re8 {½-½ (39) Alarcon,P (1903)-Allen,A (1904) Managua 2013}) 12. Be5 Qe7 (12... Bxe5 $11 {remains equal.} 13. Nxe5 (13. dxe5 Nfd7 $14) 13... c5) 13. Rfe1 ({Better is} 13. Bxf6 $16 Qxf6 14. e4) 13... Bxe5 $11 14. dxe5 Ng4 15. e4 $36 {[%mdl 2048] [#] Strongly threatening exd5. White is more active.} d4 16. Nxd4 Nxe5 (16... Rd8 $14 17. Be2 Rxd4 18. Bxg4 Qxe5) 17. Bf1 Rd8 18. Rad1 Qf8 (18... Qg5 $16) 19. f4 $18 Ng6 20. Qf2 (20. e5 $18) 20... Ne7 (20... c5 $142) 21. e5 c5 22. Ndb5 {Nd6 is the strong threat.} Nbc6 (22... Rxd1 $16 23. Nxd1 (23. Rxd1 Nbc6 $16) 23... Nbc6) 23. Nd6 Bc8 24. Ncb5 a6 25. Nxc8 Nxc8 26. Qf3 {Black must now prevent Rxd8.} N8e7 (26... axb5 $16 {is a better defense.} 27. Qxc6 Ne7 28. Qxb5 (28. Qxb6 Nd5 $14) 28... Nf5) 27. Nd6 {Threatens to win with Bc4.} Nd4 28. Qe4 ({White should play} 28. Rxd4 $18 cxd4 29. Bc4) 28... Nec6 29. Bc4 Rxd6 30. exd6 Qxd6 31. Bd5 {[#] Hoping for Bxc6.} Rc8 32. Bxc6 Qxc6 33. Qxc6 Rxc6 $16 {[%mdl 4096] Endgame KRR-KRN} 34. Re8+ Kh7 35. Re7 Kg6 36. Kf2 Rf6 37. g3 Rd6 (37... Kh7 $16 38. b4 g5 39. bxc5 bxc5) 38. Rc7 Re6 39. Re1 Rd6 40. Ree7 Re6 $2 (40... Rf6 41. Rcd7 Nc6) 41. Rxe6+ $18 {White is clearly winning.} fxe6 {KR-KN} 42. Rb7 b5 43. Ra7 Kf5 44. Ke3 g5 45. fxg5 hxg5 46. Rxa6 Kg4 47. b4 Nf5+ 48. Ke4 cxb4 49. axb4 e5 50. h3+ {Precision: White = 59%, Black = 38%.} 1-0

[Event "WYCC 2018 O16"]
[Site "Halkidiki"]
[Date "2018.10.21"]
[Round "2"]
[White "Petriashvili, Nikoloz"]
[Black "Lund, Gunnar"]
[Result "1-0"]
[WhiteElo "2343"]
[BlackElo "2227"]
[Annotator "TA"]
[PlyCount "67"]
[EventDate "2018.10.20"]
[EventType "swiss"]
[EventCountry "GRE"]
[SourceTitle "playchess.com"]
[Source "ChessBase"]
[SourceQuality "1"]

{[%evp 16,67,0,0,3,0,-2,1,23,13,25,0,0,0,0,0,0,-12,-14,-7,0,0,0,0,0,0,0,0,0,0,0,0,0,0,12,12,12,12,12,10,14,0,0,0,231,227,233,236,214,221,221,210,319,306]} 1. c4 d6 2. Nc3 g6 3. g3 Bg7 4. Bg2 e5 5. e3 f5 6. Nge2 Nf6 7. O-O O-O 8. b3 c6 {A21: English Opening: 1...e5 2 Nc3} (8... Nbd7 9. d3 c6 10. Ba3 Qc7 11. Qd2 Re8 12. Rae1 Nc5 13. h3 e4 14. dxe4 Nfxe4 15. Qc2 Nxc3 16. Nxc3 {1-0 (59) Carlsen,M (2802)-Nakamura,H (2741) London 2010 CBM 140 [Carlsen,M]}) 9. Bb2 {LiveBook: 4 Games} Qe7 10. d3 Be6 {The position is equal.} 11. Qd2 Rd8 $146 ({Predecessor:} 11... Nbd7 12. Ba3 g5 13. f4 h6 14. Rae1 Kh8 15. fxe5 Nxe5 16. Nd4 Nfd7 17. e4 f4 18. Nf5 Bxf5 19. exf5 f3 20. Bxf3 Rxf5 {1-0 (47) Sehner,N (2410)-Reefschlaeger,H (2370) Germany 1994}) 12. f4 Nbd7 13. Rae1 d5 14. cxd5 Nxd5 15. Nxd5 Bxd5 16. Bxd5+ cxd5 17. Rc1 exf4 18. Nxf4 Bxb2 19. Qxb2 Qxe3+ 20. Kg2 Qe5 21. Qxe5 Nxe5 22. Rc7 $1 Rd7 23. Rxd7 Nxd7 $11 {[%mdl 4096] Endgame KRN-KRN} 24. Rc1 Nb6 25. Rc7 Rc8 26. Rxb7 Rc2+ 27. Kf3 Rxa2 28. Ne6 d4 $1 ({Much weaker is} 28... Rxh2 $6 29. Rg7+ Kh8 30. Rxa7 $16) 29. h4 h6 $2 {[#]} (29... Rd2 $11 {and Black stays safe.}) 30. Rg7+ $18 ({Weaker is} 30. Nxd4 Nd5 $14) 30... Kh8 31. Rxg6 Rd2 32. Rxh6+ Kg8 33. Nc5 {Strongly threatening Rh5.} Nd5 (33... Rc2 {keeps fighting.}) 34. Rd6 {Precision: White = 85%, Black = 52%.} 1-0

[Event "WYCC 2018 O16"]
[Site "Halkidiki"]
[Date "2018.10.21"]
[Round "2"]
[White "Olsen, Filip Boe"]
[Black "Wang, Yanbin"]
[Result "1/2-1/2"]
[WhiteElo "2335"]
[BlackElo "2220"]
[Annotator "TA"]
[PlyCount "158"]
[EventDate "2018.10.20"]
[EventType "swiss"]
[EventCountry "GRE"]
[SourceTitle "playchess.com"]
[Source "ChessBase"]
[SourceQuality "1"]

{[%evp 10,158,24,34,41,47,53,53,56,48,48,61,108,88,88,87,64,77,102,27,116,46,52,53,39,0,0,-43,-37,-20,16,0,0,-23,-36,-36,-24,-27,-35,-37,-29,-33,-25,-29,0,-6,-5,-13,-12,-14,-9,-11,-11,-8,-4,-28,-33,-29,-31,-25,-37,-31,-27,-36,-20,-20,0,0,0,0,0,0,0,-20,-33,-41,0,0,0,-35,-26,-34,-45,-39,0,0,72,30,72,75,86,45,63,95,297,302,354,342,537,314,372,327,400,334,344,337,335,331,310,280,276,270,279,265,261,238,437,430,498,481,12840,11347,5701,291,272,265,12842,775,12843,12843,12844,716,520,626,548,491,447,0,0,0,0,0,0,0,0,0,0,0,0,0,0]} 1. d4 Nf6 2. c4 e6 3. Nc3 Bb4 4. e3 {[%cal Be2e3,Be3e4][%mdl 32]} Bxc3+ 5. bxc3 d6 6. Bd3 Nc6 {E40: Nimzo-Indian: Rubinstein (4 e3): Unusual Black 4th moves} (6... c5 7. Nf3 Nc6 8. O-O e5 9. d5 Ne7 10. e4 {½-½ (10) Franco Ocampos,Z (2507)-Delgado Ramirez,N (2617) Asuncion 2016}) 7. Ne2 Qe7 8. e4 e5 {White is slightly better.} 9. f3 h6 $146 ({Predecessor:} 9... b6 10. O-O Na5 11. Ng3 c5 12. f4 Bg4 13. Qe1 O-O-O 14. f5 {1-0 (42) Vo Dai Hoai,D (2195)-Cao,S (2480) Ho Chi Minh City 2015}) 10. O-O g5 11. Be3 b6 12. c5 dxc5 13. Bb5 Bd7 14. dxc5 ({Better is} 14. Ng3 $16) 14... Qe6 (14... Na5 $11 {remains equal.} 15. Qa4 a6 16. Bxd7+ (16. cxb6 Bxb5 17. Qxa5 cxb6 $16) 16... Qxd7 17. Qxd7+ Kxd7) 15. cxb6 (15. Ng3 $16) 15... axb6 $14 16. c4 Na5 17. Bxd7+ Nxd7 18. c5 Nc4 19. Bf2 bxc5 (19... Nxc5 {feels hotter.} 20. Bxc5 bxc5 21. Qc1 O-O 22. Rd1 Ra5) 20. Qb3 (20. Qc1 {seems wilder.} O-O 21. Rd1 Rfd8 22. Ng3 Kh7 23. Nf5) 20... Nd6 21. Qxe6+ fxe6 22. a4 Ke7 23. Rfc1 Ra5 24. Be1 Ra6 25. Bf2 Nb7 26. h4 Rha8 27. hxg5 hxg5 28. Nc3 Nd6 29. Be3 Kf6 30. Kf2 Ra5 31. Rh1 Kg6 32. Rh3 Nb6 {[%cal Rb6a4]} 33. Rah1 {[#] And now Rh6+ would win.} Nf7 $1 34. Rc1 Nc4 35. Rb1 Rd8 {Threatens to win with ...Rd3.} 36. Rb5 Rd3 37. Rxa5 Nxa5 38. Nb5 $1 c6 39. Nc7 c4 40. Nxe6 Ra3 41. Rh1 Ra2+ 42. Kg3 Re2 43. Bb6 Nb3 44. Rb1 {With the idea Nc5.} Ra2 45. a5 Kf6 46. Nc7 {Black must now prevent a6.} Nd6 47. Na6 Nd2 (47... Nb5 $11) 48. Rc1 c3 49. Nb4 Ra4 {[#]} 50. Bd8+ $1 (50. Nxc6 Rc4 $15) 50... Ke6 51. Nd3 (51. Nxc6 Rc4 $15) 51... Rc4 $2 (51... Ra3 $16 {is a better defense.}) 52. a6 $18 Nb5 53. Bxg5 Nb3 (53... Kd6 $142 54. Ra1 Rd4) 54. Rb1 N3d4 55. Ra1 Na7 56. Ra5 Ndb5 57. Kf2 c2 58. Be3 Kd6 59. Ke2 Nd4+ 60. Bxd4 exd4 {[%mdl 4096] Endgame KRN-KRN} 61. Ra1 Rc3 62. Kd2 Nb5 $2 (62... c5 63. Ne1 Kc6 64. Nxc2 Rb3) 63. Nc1 ({Less strong is} 63. a7 Nxa7 64. Nb4 (64. Rxa7 Rxd3+ 65. Kxc2 Rc3+ 66. Kd2 c5 $11) 64... Nb5 $14) 63... Na3 64. a7 Nb1+ (64... Nc4+ $142 65. Ke2 Re3+ 66. Kf2 Nb6) 65. Ke2 d3+ 66. Nxd3 $2 (66. Kf2 d2 67. a8=Q) 66... Rxd3 67. a8=Q {White threatens Qf8+ and mate.} c1=Q $2 (67... Rd2+ 68. Ke3 c1=Q 69. Qd8+ Ke6 70. Qe8+ Kd6 71. Qg6+ Kd7 72. Qf5+ Kd6 73. Rxb1 Rd3+ 74. Kxd3 Qxb1+ 75. Ke2 Qb2+ 76. Kf1 Qa1+ 77. Kf2 Qd4+ 78. Ke2 Qb2+ 79. Kf1 Qa1+ 80. Kf2 Qd4+ 81. Kg3 c5 82. e5+ Kd5) 68. Qd8+ (68. Qf8+ $142 Ke6 69. Qe8+ Kf6 70. e5+ Kf5 71. Qf8+ Kxe5 72. Qe7+ Kf5 73. g4+ Kf4 74. Qc7+ Kg5 75. Qe5+ Kh4 76. Qh2+ Kg5 77. Qh5+ Kf4 78. Qh6+ Kg3 79. Qxc1 Rd2+ 80. Ke3) 68... Ke6 69. Qe8+ Kd6 70. Qf8+ (70. e5+ $142 Kd5 71. Ra5+ Kd4 72. Qd7+ Kc3 73. Qxc6+ Kb2 74. Qxc1+ Kxc1 75. Kxd3) 70... Ke6 71. Qf5+ Kd6 72. Qf6+ Kc5 73. Qe5+ $2 (73. Qe7+ $18 Rd6 74. Qa7+ (74. Qe5+ Kc4 $11) 74... Kc4 75. Qa4+ Kc3 76. Qa5+ Kb2 77. Qa2+ Kc3 78. Rxb1 Rd2+ 79. Ke3 Rd3+ 80. Kf2 Qd2+ 81. Qxd2+ Rxd2+ 82. Ke3 Rd3+ 83. Kf4) 73... Kc4 $11 {The position is equal.} 74. Qe6+ Kb5 75. Qe5+ Kc4 76. Qe6+ Kb5 77. Qe5+ Kc4 78. Qe6+ Kb5 {( -> ...Re3+)} 79. Qe5+ Kc4 {Precision: White = 53%, Black = 47%.} 1/2-1/2

[Event "WYCC 2018 O16"]
[Site "Halkidiki"]
[Date "2018.10.21"]
[Round "2"]
[White "Szpar, Milosz"]
[Black "Yakubboev, Nodirbek"]
[Result "0-1"]
[WhiteElo "2328"]
[BlackElo "2522"]
[Annotator "TA"]
[PlyCount "80"]
[EventDate "2018.10.20"]
[EventType "swiss"]
[EventCountry "GRE"]
[SourceTitle "playchess.com"]
[Source "ChessBase"]
[SourceQuality "1"]

{[%evp 25,80,-87,-110,-101,-97,-133,-104,-93,-89,-106,-100,-164,-154,-186,-189,-204,-197,-193,-188,-208,-177,-185,-162,-219,-221,-262,-271,-297,-298,-300,-284,-281,-275,-283,-289,-307,-324,-314,-294,-269,-236,-333,-331,-404,-410,-456,-449,-450,-452,-541,-522,-698,-614,-606,-585,-705,-511]} 1. e4 c5 2. Nf3 d6 3. d4 cxd4 4. Nxd4 Nf6 5. Nc3 a6 6. Bg5 e6 7. f4 h6 8. Bh4 Qb6 9. Qd2 Qxb2 10. Rb1 Qa3 11. e5 dxe5 {B97: Sicilian Najdorf: Poisoned Pawn} 12. fxe5 Nfd7 (12... g5 13. exf6 gxh4 14. Be2 Qa5 15. O-O Nd7 16. Kh1 Qg5 17. Qe1 Nxf6 18. Nf3 Qg7 19. Ne5 {½-½ (35) Radjabov,T (2748)-Wojtaszek,R (2744) Shamkir 2018}) 13. Be2 Be7 {LiveBook: 3 Games. Black is better.} 14. Bxe7 Qxe7 15. Qf4 Qg5 16. Qxg5 hxg5 {[%cal Bh6g5,Bg5g4][%mdl 32]} 17. Ne4 Ke7 $146 ({Predecessor:} 17... O-O 18. O-O Nxe5 19. Nxg5 {½-½ (49) Swiderski,R (1958)-Snihur,P (2122) Olsztyn 2013}) 18. c4 (18. Nxg5 $17 Nxe5 19. O-O) 18... g4 ({Resist} 18... Nxe5 19. Nxg5 f6 20. Ngf3 $17) 19. O-O Nxe5 20. c5 Nbd7 21. Rfc1 {[#]} Rd8 $1 22. Nb3 ({Much worse is} 22. c6 bxc6 23. Nxc6+ Nxc6) 22... Nc6 23. Nd6 Nde5 24. Rf1 (24. Nd2 {was worth a try.}) 24... f5 $19 25. Rb2 b5 26. Ra1 Bd7 27. Rd2 Rab8 28. Re1 g6 29. Bf1 Bc8 30. Nd4 Nxd4 31. Rxe5 Nc6 32. Re3 e5 {[%cal Be6e5,Be5e4][%mdl 32]} 33. g3 (33. h3 $142) 33... Be6 34. Kf2 e4 35. Rb2 Kf6 {Black is clearly winning.} 36. Ra3 Ra8 37. Ke3 Ke5 38. Nb7 Rdc8 39. Nd6 Rh8 40. Rc3 Ne7 {Precision: White = 33%, Black = 95%.} 0-1

[Event "WYCC 2018 O16"]
[Site "Halkidiki"]
[Date "2018.10.21"]
[Round "2"]
[White "Zhalmakhanov, Ramazan"]
[Black "Matviishen, Viktor"]
[Result "0-1"]
[WhiteElo "2316"]
[BlackElo "2476"]
[Annotator "TA"]
[PlyCount "86"]
[EventDate "2018.10.20"]
[EventType "swiss"]
[EventCountry "GRE"]
[SourceTitle "playchess.com"]
[Source "ChessBase"]
[SourceQuality "1"]

{[%evp 31,86,9,42,28,33,30,50,18,35,39,36,0,11,-41,-48,-40,-47,-87,-85,-153,-166,-153,-162,-193,-169,-246,-210,-197,-203,-169,-191,-194,-191,-366,-365,-445,-266,-267,-179,-729,-719,-708,-697,-676,-654,-750,-727,-995,-1020,-2168,-2255,-29985,-29986,-29986,-29986,-29990,-29991]} 1. e4 e5 2. Nf3 Nc6 3. Bb5 a6 4. Ba4 Nf6 5. O-O b5 6. Bb3 Be7 7. Re1 d6 8. c3 O-O 9. h3 Nb8 10. d4 Nbd7 11. Nbd2 Bb7 12. Bc2 c5 13. d5 c4 {C95: Closed Ruy Lopez: Breyer Variation with 10 d4} 14. b4 cxb3 15. axb3 Qc7 16. Bb2 Nb6 {LiveBook: 4 Games} 17. Nf1 Nfd7 18. Ne3 g6 {[#]} 19. h4 $146 ({Predecessor:} 19. Qe2 Nc5 20. Red1 Bc8 21. c4 Bd7 22. Qd2 bxc4 23. bxc4 Ba4 24. Ba3 Bxc2 25. Qxc2 Nbd7 26. h4 {½-½ (26) Kurnosov,I (2602)-Khismatullin,D (2601) Khanty-Mansiysk 2009}) 19... Bc8 20. Qe2 Nc5 21. c4 b4 22. h5 (22. Ra5 $11) 22... a5 $15 23. Qd2 Bf6 24. Rf1 Bg7 25. Nh2 ({White should try} 25. Rfb1) 25... f5 $17 26. hxg6 hxg6 {[%cal Bh7g6,Bg6f5,Bf5f4][%mdl 32]} 27. exf5 gxf5 28. g4 (28. Rfc1 {was necessary.}) 28... e4 {[%cal Be5e4,Be4e3][%mdl 32]} 29. Bxg7 Qxg7 30. Kh1 f4 ({Don't play} 30... fxg4 31. Rg1 $17) 31. Nf5 {[#]} Qe5 $1 32. f3 $2 (32. Nd4 a4 33. Nc6) 32... e3 33. Qe1 {intending Qh4.} Kf7 (33... Bxf5 $142 34. gxf5 Kf7) 34. Nh6+ $19 Kg7 {...Nxb3 is the strong threat.} 35. Nf5+ $2 (35. Qh4) 35... Bxf5 36. gxf5 Rh8 37. Rg1+ Kf7 {[#] ( -> ...Rxh2+!)} 38. Rg6 Rh3 39. Ra2 Rah8 40. Bb1 Nxb3 41. Be4 Nd2 {Black mates.} 42. Rg2 Nxe4 43. fxe4 f3 {Precision: White = 28%, Black = 77%.} 0-1

[Event "WYCC 2018 O16"]
[Site "Halkidiki"]
[Date "2018.10.21"]
[Round "2"]
[White "Katopodis, Dimitrios"]
[Black "Horvath, Dominik"]
[Result "1/2-1/2"]
[WhiteElo "2310"]
[BlackElo "2447"]
[Annotator "TA"]
[PlyCount "56"]
[EventDate "2018.10.20"]
[EventType "swiss"]
[EventCountry "GRE"]
[SourceTitle "playchess.com"]
[Source "ChessBase"]
[SourceQuality "1"]

{[%evp 22,56,0,0,0,-16,-6,-12,-31,-6,-8,-3,-5,-17,0,-8,-12,-22,-13,-23,-12,-7,0,-19,0,-20,-6,-54,-61,-40,-44,-44,-39,-93,-2,-13,19]} 1. d4 Nf6 2. Nf3 d5 3. c4 e6 4. g3 dxc4 5. Bg2 a6 6. O-O Nc6 7. e3 Rb8 8. Qe2 {E04: Katalanisch} b5 9. b3 cxb3 10. axb3 Be7 (10... Bd6 11. Rd1 Qe7 12. Bb2 O-O 13. Rc1 Bb7 14. Ne5 Nb4 15. Bxb7 Rxb7 {1-0 (52) So,W (2778)-Mamedyarov,S (2808) Leuven 2018}) 11. Bb2 O-O 12. Rc1 {LiveBook: 10 Partien} Bb7 13. Ne1 Nb4 14. Bxb7 Rxb7 15. Ba3 $146 ({Vorgänger:} 15. Nd2 c6 {0-1 (45) Kobo,O (2484)-Banusz,T (2617) Budapest 2018}) 15... Rb6 16. Bxb4 Bxb4 17. Nd3 Qe7 18. Nd2 {[%cal Bb1d2,Bd2f3,Bf3e1,Be1d3][%mdl 32]} Rc8 19. Nf3 Nd7 20. Qc2 g6 21. Kg2 a5 22. h4 h5 23. Nxb4 Qxb4 24. Ne1 Ra6 $1 25. Nd3 Qd6 26. Qc3 a4 27. bxa4 (27. Qb4 $15) 27... bxa4 (27... Rxa4 $17 28. Kh2 Nf6 29. Rxa4 bxa4) 28. Ra3 $11 Qb6 {Precision: Weiß = 51%, Schwarz = 44%.} 1/2-1/2

[Event "WYCC 2018 O16"]
[Site "Halkidiki"]
[Date "2018.10.21"]
[Round "2"]
[White "Milosevic, Milos"]
[Black "Engel, Luis"]
[Result "0-1"]
[WhiteElo "2306"]
[BlackElo "2441"]
[Annotator "TA"]
[PlyCount "80"]
[EventDate "2018.10.20"]
[EventType "swiss"]
[EventCountry "GRE"]
[SourceTitle "playchess.com"]
[Source "ChessBase"]
[SourceQuality "1"]

{[%evp 9,80,13,18,16,29,18,16,0,0,0,21,11,33,34,36,35,47,37,41,44,47,28,52,37,41,31,39,29,33,21,25,14,33,12,10,10,10,10,10,12,10,28,35,33,33,25,19,0,0,-345,-332,-619,-466,-599,-458,-441,-470,-442,-402,-610,-416,-635,-368,-448,-431,-767,-754,-748,-707,-835,-533,-903,-845]} 1. e4 c5 2. Nf3 d6 3. Bb5+ Nd7 4. c4 Ngf6 5. Nc3 a6 (5... g6 6. O-O Bg7 7. Ba4 O-O 8. h3 Nb6 9. Bb3 e5 10. d3 Ne8 11. Bg5 f6 12. Be3 f5 13. Bg5 Bf6 {0-1 (43) Safarli,E (2664)-Giri,A (2790) Shamkir 2016 CBM 173 [Mekhitarian,K]}) 6. Ba4 {B51: Sicilian: Moscow Variation (3 Bb5+) without 3...Bd7} e6 7. O-O Be7 {[%cal Bf8e7,Be7f6,Bf6g7][%mdl 32]} 8. d3 {The position is equal.} O-O 9. h3 Rb8 10. a3 $146 ({Predecessor:} 10. Bf4 Qa5 11. Qd2 b5 12. Nd5 Qd8 13. Nxe7+ Qxe7 {1-0 (49) Hakobyan,S (1866)-Pryor,J (1936) San Francisco 2017}) 10... Ne8 11. Rb1 Nc7 12. b4 Bf6 13. Bd2 b5 14. Bc2 g6 15. Qe2 Bg7 16. Rfd1 e5 17. Rb2 bxc4 18. dxc4 {Black must now prevent Bg5.} Ne6 19. Nd5 f5 20. Rdb1 Kh8 21. b5 Nd4 22. Nxd4 cxd4 23. Bb4 Nc5 24. Bxc5 dxc5 25. a4 Qa5 26. b6 {Threatens to win with b7.} Bb7 27. Nc7 {Hoping for Ne6.} Rf6 28. exf5 gxf5 29. Qxe5 $2 {[%mdl 8192]} (29. f3 $1 $11) 29... Rg6 $1 $19 {[%csl LRe5,LRg2]} 30. Qf4 $2 (30. Qxf5 d3 31. Bxd3 Bxb2 32. Nd5) 30... d3 31. Bxd3 {[#] Nd5 is the strong threat.} ({Weaker is} 31. Nd5 Rg8 $19) 31... Bxb2 32. g4 Qxb6 33. Bxf5 Rf8 {aiming for ...Qf6.} ({And not} 33... Qc6 34. Nd5 $18) 34. Kf1 (34. Nd5 $142 Bxd5 35. cxd5) 34... Qf6 {[#] Strongly threatening ...Be5.} 35. Qd2 (35. Nd5 $142 Bxd5 36. cxd5) 35... Bc3 36. Qc2 Bc6 {Black is clearly winning.} 37. Nd5 (37. Ne6 $142 Re8 38. Rb6) 37... Bxd5 $1 38. cxd5 Bd4 39. Rb7 Rg7 40. Rb3 Qe5 {Precision: White = 31%, Black = 64%.} 0-1

[Event "WYCC 2018 O16"]
[Site "Halkidiki"]
[Date "2018.10.21"]
[Round "2"]
[White "Travadon, Loic"]
[Black "Vlachos, Anatole"]
[Result "1/2-1/2"]
[WhiteElo "2293"]
[BlackElo "2435"]
[Annotator "TA"]
[PlyCount "30"]
[EventDate "2018.10.20"]
[EventType "swiss"]
[EventCountry "GRE"]
[SourceTitle "playchess.com"]
[Source "ChessBase"]
[SourceQuality "1"]

{[%evp 14,15,40,20]} 1. e4 e6 2. d4 d5 3. exd5 exd5 4. Nf3 Bd6 5. c4 c6 6. Bd3 {C01: French: Exchange Variation} (6. Nc3 Ne7 7. Bd3 dxc4 8. Bxc4 O-O 9. h3 Nd7 10. O-O Nb6 11. Bb3 Ned5 12. Re1 Bf5 13. Ne5 Bxe5 14. Rxe5 Qd7 15. Qf3 {1-0 (44) Carlsen,M (2832)-Jobava,B (2707) Leuven 2017}) 6... Ne7 7. O-O h6 8. Nc3 {LiveBook: 8 Games} {Predecessor:} Nd7 $146 9. cxd5 cxd5 10. Qb3 Nf6 11. Bb5+ Nc6 12. Re1+ Be6 13. Qa4 O-O 14. Bxc6 bxc6 15. Qxc6 Rc8 {½-½ (50) Koziak,V (2507)-Lagarde,M (2601) Chartres 2017} 1/2-1/2

[Event "WYCC 2018 O16"]
[Site "Halkidiki"]
[Date "2018.10.21"]
[Round "2"]
[White "Jakab, Bela"]
[Black "Zarubitski, Viachaslau"]
[Result "0-1"]
[WhiteElo "2285"]
[BlackElo "2417"]
[Annotator "TA"]
[PlyCount "82"]
[EventDate "2018.10.20"]
[EventType "swiss"]
[EventCountry "GRE"]
[SourceTitle "playchess.com"]
[Source "ChessBase"]
[SourceQuality "1"]

{[%evp 25,82,-27,0,-25,-20,-28,-18,-25,-16,-16,-21,-26,-23,-48,-43,-46,-46,-89,-16,-17,-13,-15,-10,-24,-5,-29,-17,-81,-79,-77,-76,-77,-85,-85,-85,-85,-85,-85,-85,-85,-85,-205,-210,-264,-262,-241,-231,-265,-274,-277,-276,-295,-266,-344,-330,-457,-436,-388,-377]} 1. e4 {[%cal Be2e4,Be4e5][%mdl 32]} c5 2. Nf3 Nc6 3. c3 Nf6 4. e5 Nd5 5. Bc4 Nb6 6. Bb3 d5 7. exd6 Qxd6 8. O-O Be6 9. d4 Bxb3 10. Qxb3 cxd4 11. cxd4 e6 12. Nc3 Be7 13. Nb5 Qb8 {LiveBook: 6 Games. B22: Sicilian: 2 c3} (13... Qd8 {is more complex.} 14. Be3 O-O 15. Rfc1 Nd5 16. Nc3 Na5) (13... Qd8 14. Be3 O-O 15. Rac1 Qd5 16. Ne5 Qxb3 17. axb3 Rfc8 18. Nc4 Nd5 19. Ncd6 Rcb8 20. Ne4 Rd8 21. Rfd1 {0-1 (55) Krasikov,V (2311)-Atabayev,Y (2475) Moscow 2017}) 14. Bg5 O-O 15. Bxe7 $146 ({Predecessor:} 15. Qd3 h6 16. Bxe7 Nxe7 17. Rac1 Nc6 18. Rfe1 Rd8 19. Qe4 a6 20. Nc3 Nd5 21. Nxd5 Rxd5 22. Rc5 {½-½ (22) Shankar,R (2350)-Visweswaran,K (2280) Kolkata 1999}) 15... Nxe7 {Black has an edge.} 16. Rac1 Nc6 17. Rfd1 Rd8 18. h4 h6 19. Rc5 a6 {[#] Hoping for ...Na5.} 20. Na3 $1 Qa7 21. Nc2 Rd6 (21... Nd5 $17 {Strongly threatening ...Nxd4!} 22. Kf1 Rd6) 22. Nb4 $11 Nxb4 23. Qxb4 Nd5 24. Qa3 Rad8 25. Rdc1 Qb8 26. Qd3 (26. Ne5 $11 {keeps the balance.}) 26... Nb4 $36 {[%mdl 2048] Black is really pushing.} 27. Qb3 Nc6 28. Qe3 Nxd4 29. Nxd4 Rxd4 30. Qxd4 Rxd4 31. Rc8+ {[#]} Qxc8 $1 32. Rxc8+ {[%mdl 4096] Endgame KR-KR} Kh7 33. Rc2 (33. Rc7 $17 {is a better defense.}) 33... Rxh4 $19 34. g3 Rb4 35. b3 Kg6 36. Kg2 f5 37. Rc7 Kf6 38. f4 g5 39. Rh7 gxf4 40. Rxh6+ Ke5 41. gxf4+ Rxf4 {Precision: White = 42%, Black = 68%.} 0-1